| 000 | 00481nam a22001817a 4500 | ||
|---|---|---|---|
| 999 |
_c524834 _d524834 |
||
| 003 | NUST | ||
| 020 | _a- | ||
| 038 | _aZafar Malik | ||
| 082 |
_a891.4394 _bABD |
||
| 100 |
_aAbdus Salam Dr. _915625 |
||
| 245 |
_aTakhleeq-o-Tanqeed / _cDr. Abdus Salam |
||
| 260 |
_aKarachi : _bUrdu Academy Sindh ; _c1967. |
||
| 300 | _a312 p. ; | ||
| 500 | _aPaperback | ||
| 880 |
_6100-02\r _aڈاکٹر عبدالسلام |
||
| 880 |
_6245-02\r _aتخلیق و تنقید |
||
| 942 |
_2ddc _cBK |
||